Central Library OPAC University of Rajshahi

A Textbook of Genetics and Evolution / (Record no. 69195)

MARC details
000 -LEADER
fixed length control field 00668nam a2200229 a 4500
001 - CONTROL NUMBER
control field 69195
003 - CONTROL NUMBER IDENTIFIER
rucl marc code BD-RjUL
005 - DATE AND TIME OF LATEST TRANSACTION
control field 20211209081847.0
008 - FIXED-LENGTH DATA ELEMENTS--GENERAL INFORMATION
fixed length control field 170410s1989 ii a|||| |||| 00| 0 eng d
035 ## - SYSTEM CONTROL NUMBER
System control number (BD-RjUL)69406
040 ## - CATALOGING SOURCE
Original cataloging agency BD-RjUL
Language of cataloging eng
Transcribing agency BD-RjUL
Modifying agency BD-RjUL
041 ## - LANGUAGE CODE
Language code of text/sound track or separate title eng
082 ## - DEWEY DECIMAL CLASSIFICATION NUMBER
Edition number 23
Classification number 576.8
Author mark and year NAT 1989
100 ## - MAIN ENTRY--PERSONAL NAME
Personal name Nair, P. K. G
9 (RLIN) 203460
245 ## - TITLE STATEMENT
Title A Textbook of Genetics and Evolution /
Statement of responsibility, etc. P K G Nair; K Prabhakar Achar
260 ## - PUBLICATION, DISTRIBUTION, ETC. (IMPRINT)
Place of publication, distribution, etc. Delhi :
Name of publisher, distributor, etc. Konark Pub.,
Date of publication, distribution, etc. c1989.
300 ## - PHYSICAL DESCRIPTION
Pagination xii, 343 p. :
Illustrations ill. ;
Size 22 cm.
500 ## - GENERAL NOTE
General note Includes Index.
650 ## - SUBJECT ADDED ENTRY--TOPICAL TERM
Topical term or geographic name as entry element Genetics
General subdivision Evolution
9 (RLIN) 205012
700 ## - ADDED ENTRY--PERSONAL NAME
Personal name Achar, K Prabhakar
942 ## - ADDED ENTRY ELEMENTS (KOHA)
Source of classification or shelving scheme Dewey Decimal Classification
Koha item type Books
Holdings
Lost status Source of classification or shelving scheme Damaged status Not for loan Collection code Permanent Location Current Location Shelving location Date acquired Source of acquisition Cost, normal purchase price Total Checkouts Full call number Date last seen Copy number Koha item type
  Dewey Decimal Classification   Not For Loan Non-fiction Central Library, University of Rajshahi Central Library, University of Rajshahi Reading Room 19/07/1997 Ideal Lib, Dhaka 60.00   576.8 NAT 1989 10/04/2017 C-1 Books